Sports Quiz

Random Sports or NCAA Quiz
Score 0/20 Timer 07:00
0 Plays Today
Hint Answer % Correct
NicknameTigers
93.2%
ConferenceACC
88.6%
CityClemson
80.7%
Team ColorBurnt Orange
78.2%
No. of Men's Varsity Sports8
58.9%
Primary RivalSouth Carolina
57.5%
No. of Women's Varsity Sports9
55.4%
Primary RivalFlorida State
51.3%
Famous Alum: QB Deshaun ______ Watson
49.3%
Sport w/ most NCAA ChampionshipsFootball (3)
47.6%
Hint Answer % Correct
Famous Alum: DT/DE ______ PerryWilliam
46.9%
Famous Alum: PF/C Horace ______ Grant
45.2%
Basketball ArenaLittlejohn Coliseum
43.5%
Football StadiumMemorial Stadium
31%
Fight SongTiger Rag
30.9%
Primary RivalGeorgia Tech
30.6%
Team ColorRegalia
29.6%
StateSouth Carolina
29%
Athletic DirectorDan Radakovich
28.8%
Baseball StadiumDoug Kingsmore Stadium
21.3%
Remove Ads.
Support Sporcle.
Get the best of Sporcle when you Go Orange. This ad-free experience offers more features, more stats, and more fun while also helping to support Sporcle. Thank you for becoming a member.

You're not logged in!

Compare scores with friends on all Sporcle quizzes.
OR
Log In

Show Comments

Extras

Top Quizzes Today


Score Distribution

Your Account Isn't Verified!

In order to create a playlist on Sporcle, you need to verify the email address you used during registration. Go to your Sporcle Settings to finish the process.

Report this User

Report this user for behavior that violates our Community Guidelines.

Details: